📖💬 Paroles "Simonide préservé par les Dieux" La Fontaine - Statistiques

Statistiques générales
  • Ce quiz a été pris 45 fois
  • Le résultat moyen est 234 sur 500
Statistiques - réponses
Mots % Correct
Malherbe
100%
Melpomène
100%
Olympe
100%
à
88%
Castor
88%
Ce
88%
ce
88%
d'
88%
de
88%
De
88%
d'en
88%
Dieux,
88%
Dieux
88%
Dieux.
88%
d'un
88%
d'une
88%
et
88%
Et
88%
L'
88%
l'
88%
La
88%
la
88%
le
88%
Le
88%
Les
88%
les
88%
l'ont
88%
mon
88%
N'
88%
n'
88%
par
88%
Parnasse
88%
pas
88%
Pollux ;
88%
Pollux
88%
qu'
88%
Qu'
88%
qui
88%
Qui
88%
s'
88%
Simonide
88%
au
75%
bon
75%
car
75%
ces
75%
Ces
75%
des
75%
dès
75%
deux
75%
Deux
75%
dû,
75%
en
75%
j'y
75%
Mais
75%
ne
75%
Ne
75%
75%
plus
75%
plus,
75%
Que
75%
que
75%
sa
75%
se
75%
son
75%
Son
75%
sur
75%
Tous
75%
un
75%
Un
75%
Une
75%
aux
63%
cette
63%
dire ;
63%
dit
63%
fait
63%
Il
63%
il
63%
Ils
63%
ils
63%
Je
63%
Mes
63%
mes
63%
nous
63%
nus.
63%
On
63%
on
63%
pour
63%
Pour
63%
quand
63%
sans
63%
ses
63%
sont
63%
tout
63%
vous
63%
autre
50%
comme
50%
être
50%
homme
50%
leur
50%
leurs
50%
moi :
50%
moi,
50%
peut
50%
Peut-
50%
rien
50%
trois
50%
amis.
38%
avait
38%
avoir
38%
belle
38%
bonne
38%
bonnes.
38%
bons
38%
dis
38%
doit
38%
donc
38%
étaie,
38%
étaient
38%
Etaient
38%
était
38%
eut
38%
faire.
38%
fois
38%
gens
38%
hommes
38%
lui
38%
mère
38%
moins
38%
notre
38%
père
38%
petite.
38%
sort
38%
toujours
38%
trop
38%
va
38%
vers
38%
vie.
38%
Après
25%
chez
25%
chose
25%
écrire
25%
Enfin
25%
fils
25%
fît
25%
fort
25%
fut
25%
Grands
25%
lieux
25%
Maîtresse,
25%
met
25%
parents
25%
parents,
25%
personnes ;
25%
quant
25%
quelque
25%
quelques
25%
seul
25%
sortes
25%
vit,
25%
voir
25%
abord
13%
affaire.
13%
aimé
13%
art
13%
Chacun
13%
disait :
13%
envers.
13%
Faisait
13%
Faites-
13%
ferons
13%
festin,
13%
font
13%
frères
13%
grâce,
13%
grâce.
13%
Héros.
13%
humeur,
13%
jambes
13%
mange.
13%
mieux
13%
mieux,
13%
payer
13%
peine :
13%
peur
13%
plafond
13%
Poète
13%
Poète,
13%
porte
13%
poutre
13%
pouvait
13%
rendent
13%
reviens
13%
Roi.
13%
sujet
13%
table,
13%
tiers
13%
tiers,
13%
Tombe
13%
trouva
13%
trouvant
13%
vengeance
13%
veux
13%
vient,
13%
vraie ;
13%
accourt,
0%
acquitassent
0%
ancêtres
0%
Athlète ;
0%
Athlète
0%
Athlète,
0%
avertissent
0%
avertit
0%
Bourgeois ;
0%
brise
0%
cassa
0%
céleste.
0%
cependant.
0%
chatouille,
0%
choisis,
0%
cohorte
0%
combats,
0%
compagnie.
0%
complète
0%
contenter
0%
conviés
0%
côté ;
0%
coup
0%
couple
0%
cria
0%
davantage.
0%
déloge,
0%
demandaient
0%
dent.
0%
déroger,
0%
domestique
0%
donna
0%
doubla
0%
due
0%
Echansons.
0%
Elève
0%
éloge
0%
éloge.
0%
entrepris
0%
esprits.
0%
essayée,
0%
estropiés.
0%
étant
0%
exemple
0%
faveurs
0%
festine,
0%
flacons,
0%
franchement
0%
gagne
0%
galant
0%
gémeaux
0%
glorieux ;
0%
gré
0%
honneur
0%
inconnus,
0%
infertile
0%
Jadis
0%
jette
0%
largement
0%
louange
0%
louange.
0%
louer
0%
lutteurs
0%
maison
0%
manque
0%
manque ;
0%
manquer
0%
Matière
0%
maximes
0%
meilleurs
0%
méritaient
0%
mérite ;
0%
miracle ;
0%
outre
0%
ouvrage.
0%
pareils :
0%
parla
0%
payant
0%
payée.
0%
perd
0%
perdre,
0%
pilier
0%
pis ;
0%
plats
0%
plein
0%
plupart
0%
prédiction
0%
premièrement
0%
prix.
0%
prix
0%
promis
0%
promit.
0%
promptement.
0%
propos
0%
publier
0%
récits
0%
rendre
0%
renommée
0%
renvoya
0%
reste.
0%
salaire
0%
saurait
0%
signalés
0%
soin
0%
souper
0%
souscris
0%
souvent
0%
Souvent,
0%
Soyez
0%
spécifiant
0%
talent :
0%
tenir
0%
texte,
0%
tomber
0%
trafique
0%
traiter
0%
Venez
0%
Voyons
0%
Aucun quiz correspondant
Distribution des résultats
% des personnes avec chaque résultat
Percentile par nombre de réponses
Votre historique - résultats
Vous n’avez pas pris ce quiz